Rediscovering church : (Record no. 4153)

MARC details
000 -LEADER
fixed length control field 00982cam a2200313 a 4500
001 - CONTROL NUMBER
control field 32591139
003 - CONTROL NUMBER IDENTIFIER
control field OCoLC
005 - DATE AND TIME OF LATEST TRANSACTION
control field 20181129152413.0
008 - FIXED-LENGTH DATA ELEMENTS--GENERAL INFORMATION
fixed length control field 950511s1995 miu b 000 0deng
010 ## - LIBRARY OF CONGRESS CONTROL NUMBER
LC control number 95018577
020 ## - INTERNATIONAL STANDARD BOOK NUMBER
International Standard Book Number 0310593204 (hardcover)
040 ## - CATALOGING SOURCE
Original cataloging agency DLC
Transcribing agency DLC
043 ## - GEOGRAPHIC AREA CODE
Geographic area code n-us-il
082 ## - DEWEY DECIMAL CLASSIFICATION NUMBER
Classification number 280
Item number H992R
092 ## - LOCALLY ASSIGNED DEWEY CALL NUMBER (OCLC)
Classification number 262.001
Item number H992R
100 1# - MAIN ENTRY--PERSONAL NAME
Personal name Hybels, Lynne
245 10 - TITLE STATEMENT
Title Rediscovering church :
Remainder of title the story and vision of Willow Creek Community Church /
Statement of responsibility, etc. Lynne & Bill Hybels
260 ## - PUBLICATION, DISTRIBUTION, ETC.
Place of publication, distribution, etc. Grand Rapids, Mich. :
Name of publisher, distributor, etc. Zondervan Pub. House,
Date of publication, distribution, etc. c1995
300 ## - PHYSICAL DESCRIPTION
Extent 213 p. ;
Dimensions 25 cm
500 ## - GENERAL NOTE
General note "Willow Creek resources."
504 ## - BIBLIOGRAPHY, ETC. NOTE
Bibliography, etc. note Includes bibliographical references
600 10 - SUBJECT ADDED ENTRY--PERSONAL NAME
Personal name Hybels, Bill
610 20 - SUBJECT ADDED ENTRY--CORPORATE NAME
Corporate name or jurisdiction name as entry element Willow Creek Community Church (South Barrington, Ill.)
650 #0 - SUBJECT ADDED ENTRY--TOPICAL TERM
Topical term or geographic name entry element Church growth
General subdivision Case studies
650 #0 - SUBJECT ADDED ENTRY--TOPICAL TERM
Topical term or geographic name entry element Big churches
General subdivision Case studies
651 #0 - SUBJECT ADDED ENTRY--GEOGRAPHIC NAME
Geographic name South Barrington (Ill.)
General subdivision Church history
700 1# - ADDED ENTRY--PERSONAL NAME
Personal name Hybels, Bill
942 ## - ADDED ENTRY ELEMENTS (KOHA)
Source of classification or shelving scheme Dewey Decimal Classification
Koha item type Books
Holdings
Withdrawn status Lost status Source of classification or shelving scheme Damaged status Not for loan Collection code Home library Current library Shelving location Date acquired Cost, normal purchase price Total Checkouts Full call number Barcode Date last seen Price effective from Koha item type
    Dewey Decimal Classification     Non-fiction Harvest Mission College Harvest Mission College General Stacks 29.11.2018 700.00   280 H992R 004741 29.11.2018 29.11.2018 Books

OPAC Designed and Maintained by HMC Library Team.
Copyright © HMC Library,Greater Noida, UP.
For any Suggestions/Query Contact library via Email:libhmc@gmail.com